聖書の書名 - Statistics

General Stats
  • This quiz has been taken 35 times
  • The average score is 12 of 66
Answer Stats
Answer % Correct
マタイによる福音書
83%
創世記
78%
ルカによる福音書
70%
出エジプト記
61%
ヨハネによる福音書
61%
マルコによる福音書
48%
レビ記
39%
申命記
39%
使徒言行録
35%
民数記
30%
ヨシュア記
30%
ローマの信徒への手紙
30%
ヨハネの黙示録
30%
ルツ記
26%
ヨブ記
26%
エゼキエル書
26%
士師記
22%
詩編
22%
イザヤ書
22%
箴言
17%
雅歌
17%
エレミヤ書
17%
哀歌
17%
ダニエル書
17%
ヨナ書
17%
ヘブライ人への手紙
17%
列王記上
13%
列王記下
13%
ミカ書
13%
コリントの信徒への手紙一
13%
コリントの信徒への手紙二
13%
ガラテヤの信徒への手紙
13%
ヨハネの手紙一
13%
サムエル記上
9%
サムエル記下
9%
歴代誌上
9%
歴代誌下
9%
ネヘミヤ記
9%
エステル記
9%
コヘレトの言葉
9%
ホセア書
9%
ヨエル書
9%
ナホム書
9%
ハバクク書
9%
ハガイ書
9%
ゼカリヤ書
9%
マラキ書
9%
エフェソの信徒への手紙
9%
フィリピの信徒への手紙
9%
ヨハネの手紙二
9%
ヨハネの手紙三
9%
エズラ記
4%
アモス書
4%
オバデヤ書
4%
ゼファニヤ書
4%
コロサイの信徒への手紙
4%
テサロニケの信徒への手紙一
4%
テサロニケの信徒への手紙二
4%
テモテへの手紙一
4%
テモテへの手紙二
4%
テトスへの手紙
4%
フィレモンへの手紙
4%
ヤコブの手紙
4%
ペトロの手紙一
4%
ペトロの手紙二
4%
ユダの手紙
4%
No matching quizzes found
Score Distribution
Percent of People with Each Score
Percentile by Number Answered
Your Score History
You have not taken this quiz